Distribution par images - La Syndicaliste - Statistiques

Statistiques générales
  • Ce quiz a été pris 8 fois
  • Le résultat moyen est 5 sur 9
Statistiques - réponses
Par images Hint Réponse % Correct
Jean-Pierre Bachmann François-Xavier Demaison
100%
Anne Lauvergeon Marina Foïs
100%
Luc Oursel Yvan Attal
88%
Maureen Kearney Isabelle Huppert
75%
Gilles Hugo Grégory Gadebois
50%
Brémont Pierre Deladonchamps
38%
Arnaud Montebourg Christophe Paou
25%
Duchesne François Pérache
25%
Fiona Mara Taquin
25%
Aucun quiz correspondant
Distribution des résultats
% des personnes avec chaque résultat
Percentile par nombre de réponses
Votre historique - résultats
Vous n’avez pas pris ce quiz